Fr. Conceicao Rodrigues College of Engineering

Managerial & Engineering Economy (Record no. 28663)

MARC details
000 -LEADER
fixed length control field 00320nam a2200145Ia 4500
082 ## - DEWEY DECIMAL CLASSIFICATION NUMBER
Classification number 658.40302
100 ## - MAIN ENTRY--PERSONAL NAME
Personal name Taylor /G. A
245 ## - TITLE STATEMENT
Title Managerial & Engineering Economy
260 ## - PUBLICATION, DISTRIBUTION, ETC.
Name of publisher, distributor, etc. Van Nostrand
Place of publication, distribution, etc. New Delhi
Date of publication, distribution, etc. 1969
300 ## - PHYSICAL DESCRIPTION
Extent 487
546 ## - LANGUAGE NOTE
Language note ENGLISH
650 ## - SUBJECT ADDED ENTRY--TOPICAL TERM
Topical term or geographic name entry element Economics
654 ## - SUBJECT ADDED ENTRY--FACETED TOPICAL TERMS
Focus term Economy
942 ## - ADDED ENTRY ELEMENTS (KOHA)
Koha item type BOOK
Holdings
Withdrawn status Lost status Damaged status Not for loan Collection Home library Current library Shelving location Date acquired Source of acquisition Cost, normal purchase price Inventory number Total Checkouts Full call number Barcode Date last seen Cost, replacement price Price effective from Koha item type
        AFT Fr. Agnel's C.Rodrigues College of Engineering Fr. Agnel's C.Rodrigues College of Engineering   17/03/2023 UBS 11.00 T-123   658.40302 AFT2311 17/03/2023 11.00 17/03/2023 BOOK
        AFT Fr. Agnel's C.Rodrigues College of Engineering Fr. Agnel's C.Rodrigues College of Engineering   17/03/2023   15.00 T-123   658.40302 AFT2312 17/03/2023 15.00 17/03/2023 Reference Book
        AFT Fr. Agnel's C.Rodrigues College of Engineering Fr. Agnel's C.Rodrigues College of Engineering   17/03/2023   15.00 1502   658.4 AFT949 17/03/2023 15.00 17/03/2023 BOOK